<?xml version="1.0" encoding="UTF-8"?>
<collection xmlns="http://www.loc.gov/MARC21/slim">
 <record>
  <leader>03318cam a2200601   4500</leader>
  <controlfield tag="001">747166145</controlfield>
  <controlfield tag="003">DE-627</controlfield>
  <controlfield tag="005">20240924203714.0</controlfield>
  <controlfield tag="007">tu</controlfield>
  <controlfield tag="008">130529s2013    gw |||||      00| ||ger c</controlfield>
  <datafield tag="015" ind1=" " ind2=" ">
   <subfield code="a">13,A42</subfield>
   <subfield code="2">dnb</subfield>
  </datafield>
  <datafield tag="016" ind1="7" ind2=" ">
   <subfield code="a">1034685945</subfield>
   <subfield code="2">DE-101</subfield>
  </datafield>
  <datafield tag="020" ind1=" " ind2=" ">
   <subfield code="a">3446243445</subfield>
   <subfield code="c"> : kart. : ca. EUR 16.90 (DE)</subfield>
   <subfield code="9">3-446-24344-5</subfield>
  </datafield>
  <datafield tag="020" ind1=" " ind2=" ">
   <subfield code="a">9783446243446</subfield>
   <subfield code="c">Pb. : ca. EUR 16.90 (DE), ca. EUR 17.40 (AT), ca. sfr 23.90 (freier Pr.)</subfield>
   <subfield code="9">978-3-446-24344-6</subfield>
  </datafield>
  <datafield tag="024" ind1="3" ind2=" ">
   <subfield code="a">9783446243446</subfield>
  </datafield>
  <datafield tag="028" ind1="5" ind2="2">
   <subfield code="a">505/24344</subfield>
  </datafield>
  <datafield tag="035" ind1=" " ind2=" ">
   <subfield code="a">(DE-627)747166145</subfield>
  </datafield>
  <datafield tag="035" ind1=" " ind2=" ">
   <subfield code="a">(DE-576)382970934</subfield>
  </datafield>
  <datafield tag="035" ind1=" " ind2=" ">
   <subfield code="a">(DE-599)DNB1034685945</subfield>
  </datafield>
  <datafield tag="035" ind1=" " ind2=" ">
   <subfield code="a">(OCoLC)852490062</subfield>
  </datafield>
  <datafield tag="035" ind1=" " ind2=" ">
   <subfield code="a">(OCoLC)852490062</subfield>
  </datafield>
  <datafield tag="040" ind1=" " ind2=" ">
   <subfield code="a">DE-627</subfield>
   <subfield code="b">ger</subfield>
   <subfield code="c">DE-627</subfield>
   <subfield code="e">rakwb</subfield>
  </datafield>
  <datafield tag="041" ind1=" " ind2=" ">
   <subfield code="a">ger</subfield>
   <subfield code="h">fre</subfield>
  </datafield>
  <datafield tag="044" ind1=" " ind2=" ">
   <subfield code="c">XA-DE-BY</subfield>
  </datafield>
  <datafield tag="082" ind1="0" ind2=" ">
   <subfield code="a">840</subfield>
  </datafield>
  <datafield tag="082" ind1="0" ind2=" ">
   <subfield code="a">B</subfield>
  </datafield>
  <datafield tag="082" ind1="0" ind2="4">
   <subfield code="a">840</subfield>
   <subfield code="a">B</subfield>
   <subfield code="q">DNB</subfield>
  </datafield>
  <datafield tag="084" ind1=" " ind2=" ">
   <subfield code="a">IH 70960</subfield>
   <subfield code="2">rvk</subfield>
   <subfield code="0">(DE-625)rvk/58367:11639</subfield>
  </datafield>
  <datafield tag="084" ind1=" " ind2=" ">
   <subfield code="a">17.97</subfield>
   <subfield code="2">bkl</subfield>
  </datafield>
  <datafield tag="084" ind1=" " ind2=" ">
   <subfield code="a">18.23</subfield>
   <subfield code="2">bkl</subfield>
  </datafield>
  <datafield tag="090" ind1=" " ind2=" ">
   <subfield code="a">a</subfield>
  </datafield>
  <datafield tag="100" ind1="1" ind2=" ">
   <subfield code="a">Perec, Georges</subfield>
   <subfield code="d">1936-1982</subfield>
   <subfield code="0">(DE-588)118903004</subfield>
   <subfield code="0">(DE-627)079679587</subfield>
   <subfield code="0">(DE-576)162515839</subfield>
   <subfield code="4">aut</subfield>
  </datafield>
  <datafield tag="240" ind1="1" ind2="3">
   <subfield code="a">Le condottière &lt;dt.&gt;</subfield>
  </datafield>
  <datafield tag="245" ind1="1" ind2="4">
   <subfield code="a">Der Condottiere</subfield>
   <subfield code="b">Roman</subfield>
   <subfield code="c">Georges Perec. Aus dem Franz. und mit einem Nachw. von Jürgen Ritte</subfield>
  </datafield>
  <datafield tag="264" ind1=" " ind2="1">
   <subfield code="a">München</subfield>
   <subfield code="b">Hanser</subfield>
   <subfield code="c">2013</subfield>
  </datafield>
  <datafield tag="300" ind1=" " ind2=" ">
   <subfield code="a">159 S.</subfield>
   <subfield code="c">20 cm</subfield>
  </datafield>
  <datafield tag="336" ind1=" " ind2=" ">
   <subfield code="a">Text</subfield>
   <subfield code="b">txt</subfield>
   <subfield code="2">rdacontent</subfield>
  </datafield>
  <datafield tag="337" ind1=" " ind2=" ">
   <subfield code="a">ohne Hilfsmittel zu benutzen</subfield>
   <subfield code="b">n</subfield>
   <subfield code="2">rdamedia</subfield>
  </datafield>
  <datafield tag="338" ind1=" " ind2=" ">
   <subfield code="a">Band</subfield>
   <subfield code="b">nc</subfield>
   <subfield code="2">rdacarrier</subfield>
  </datafield>
  <datafield tag="490" ind1="0" ind2=" ">
   <subfield code="a">Edition Akzente</subfield>
  </datafield>
  <datafield tag="520" ind1=" " ind2=" ">
   <subfield code="a">&quot;Die Geschichte des genialen Kunstfälschers Gaspard Winckler, der einen dem bewunderten Original ebenbürtigen ?Condottiere? schaffen will, ist die Geschichte einer Emanzipation, einer Befreiung, die im Mord gipfelt. ICY Gaspard stirbt als Fälscher und wird - vielleicht - zum Künstler. Er stirbt und wird&quot;. (Aus dem Nachwort von Jürgen Ritte) - Georges Perec (1936-1982) wurde als Sohn jüdisch-polnischer Einwanderer in Paris gebohren. Er war Mitglied von Oulipo und zählt zu den wichtigsten französischen Schriftstellern des zwanzigsten Jahrhunderts. Auf Deutsch erschienen u.a. W oder Die Kindheitserinnerung (1982) und Ein Mann der schläft (1988) sowie im Hanser Verlag Ein Kunstkabinett. Geschichte eines Gemäldes (1989), 53 Tage (Roman, 1992) und Der Condottiere (Roman, 2013). swr</subfield>
  </datafield>
  <datafield tag="700" ind1="1" ind2=" ">
   <subfield code="a">Ritte, Jürgen</subfield>
   <subfield code="d">1956-</subfield>
   <subfield code="e">Übers.</subfield>
   <subfield code="0">(DE-588)112808824</subfield>
   <subfield code="0">(DE-627)609013858</subfield>
   <subfield code="0">(DE-576)165119837</subfield>
   <subfield code="4">trl</subfield>
  </datafield>
  <datafield tag="700" ind1="1" ind2="2">
   <subfield code="a">Perec, Georges</subfield>
   <subfield code="d">1936-1982</subfield>
   <subfield code="t">Le condottière &lt;dt.&gt;</subfield>
  </datafield>
  <datafield tag="787" ind1="0" ind2="8">
   <subfield code="i">Rezension</subfield>
   <subfield code="a">Fernengel, Birgit</subfield>
   <subfield code="t">Der Condottiere</subfield>
   <subfield code="d">2014</subfield>
   <subfield code="w">(DE-627)1523924586</subfield>
   <subfield code="w">(DE-576)453924581</subfield>
  </datafield>
  <datafield tag="856" ind1="4" ind2="2">
   <subfield code="u">http://deposit.dnb.de/cgi-bin/dokserv?id=4335281&amp;prov=M&amp;dok_var=1&amp;dok_ext=htm</subfield>
   <subfield code="m">X: MVB</subfield>
   <subfield code="q">text/html</subfield>
   <subfield code="v">2013-10-16</subfield>
   <subfield code="x">Verlag</subfield>
   <subfield code="3">Inhaltstext</subfield>
  </datafield>
  <datafield tag="935" ind1=" " ind2=" ">
   <subfield code="i">sf</subfield>
  </datafield>
  <datafield tag="935" ind1=" " ind2=" ">
   <subfield code="i">Blocktest</subfield>
  </datafield>
  <datafield tag="936" ind1="r" ind2="v">
   <subfield code="a">IH 70960</subfield>
   <subfield code="b">Gesammelte Werke und Einzelwerke</subfield>
   <subfield code="k">Romanistik</subfield>
   <subfield code="k">Französische Literatur im 20. und 21. Jahrhundert</subfield>
   <subfield code="k">Französische Literatur im 20. Jahrhundert</subfield>
   <subfield code="k">Literaturgeschichte</subfield>
   <subfield code="k">Einzelne Autoren und ausgewählte Anonyma</subfield>
   <subfield code="k">Autoren P</subfield>
   <subfield code="k">Perec, Georges</subfield>
   <subfield code="k">Gesammelte Werke und Einzelwerke</subfield>
   <subfield code="0">(DE-627)1271154579</subfield>
   <subfield code="0">(DE-625)rvk/58367:11639</subfield>
   <subfield code="0">(DE-576)201154579</subfield>
  </datafield>
  <datafield tag="936" ind1="b" ind2="k">
   <subfield code="a">17.97</subfield>
   <subfield code="j">Texte eines einzelnen Autors</subfield>
   <subfield code="0">(DE-627)181571714</subfield>
  </datafield>
  <datafield tag="936" ind1="b" ind2="k">
   <subfield code="a">18.23</subfield>
   <subfield code="j">Französische Literatur</subfield>
   <subfield code="0">(DE-627)106405411</subfield>
  </datafield>
  <datafield tag="951" ind1=" " ind2=" ">
   <subfield code="a">BO</subfield>
  </datafield>
  <datafield tag="991" ind1=" " ind2=" ">
   <subfield code="a">Rezensiertes Werk</subfield>
  </datafield>
  <datafield tag="999" ind1=" " ind2=" ">
   <subfield code="a">KXP-PPN747166145</subfield>
   <subfield code="e">4151654836</subfield>
  </datafield>
 </record>
</collection>
